Emmanuel Villaume Postoj i energia orchestra sú pozitívne

Bibliographic Details
Main Authors: Šuba, Andrej, 1977- (Author), Villaume, Emmanuel (Author)
Format: Article
Language:Slovak

MARC

LEADER 00000nab a2200000ua 4500
001 vtls010800234
003 SK-MaSNL
005 20260303102901.0
008 230121s2011 xo |||||||||||||||||slo|
035 |a (urnnbn)urn:nbn:sk:snk:ar-a016dr 
035 |a (uuid)922ab11b-2db0-44be-b872-929134e12901 
035 |a urn:nbn:sk:snk-ab4dal 
040 |a SNKBUCL  |b slo  |c SNKBUCL  |e AACR2 
041 0 |a slo 
044 |a xo  |c SK 
100 1 |a Šuba, Andrej,  |d 1977-  |4 aut  |9 217640 
245 1 0 |a Emmanuel Villaume  |b Postoj i energia orchestra sú pozitívne  |c Andrej Šuba, Emmanuel Villaume 
700 1 |a Villaume, Emmanuel  |4 aut  |9 1116260 
773 0 |t Hudobný život : klasická hudba, jazz, world music  |g Roč. 43, č. 6 (2011), s. 12-14 
954 |a odborná, vedecká literatúra pôvodná (slovenská)  |2 lita 
958 |a OND 
958 |a EUIPO 
958 |a article3 
999 |c 1845721  |d 1847651